00979nam a22002537a 4500003000500000005001700005008004100022010001100063011001100074035001100085040000900096100003200105245022300137260004000360500006000400502007100460650002400531650001900555650001800574650002700592650002300619650001900642856006400661CHAP20220329143800.0110812s2011 mx r 00010 spa d a101813 a102785 a113474 cCHAP1 aHernández Medina, Daniel.10aManejo agronomico de Tagetes termiflora H.B.K. caracterización del contenido de aceite esencial y evaluación toxicológica en Nacobbus aberrans y Melaidogyne incognitah[En línea]c/por Daniel Hernández Medina aChapingo, Méx. :bEl autor,c2011 aPara ver el contenido del material haga clic en la liga aTesis (Ing. Agr. Esp. en Fitotecnia) -- Departamento de Fitotecnia14aAceites esenciales.14aCempazúchil.14aEvaluación.14aMeloidogyne incognita.14aNacobbus aberrans.14aToxicología. 3Findind aiduhttp://10.13.5.2/tesis/113474.pdfzTeclea aqui